Leader xxxxxxxxxx
001 __ PCLIS00041929
005 __ 20090409104115.0
008 __ chi
010 0_ |a9789866773495|b平裝|dNT$300
020 __ |atw|b97009251
042 __ |anbic
050 __ |a001953331
100 __ |a20080515d2008 k y0chiy09 e
101 0_ |achi
102 __ |atw
105 __ |aa z 000yy
200 1_ |a迷宮城池|e|f夏曉光作
205 __ |a初版
210 __ |a臺北縣中和市|c菁品文化出版|c創智文化總經銷|d2008.07
215 0_ |a362面|c|d21公分
225 1_ |a菁小說|v1
260 1_ |a2008
300 __ |a
681 __ |a857.7|b8766:45
700 _1 |a夏|b曉光|c(文學, 1979-)|4
702 __ |a|b|4
801 _0 |atw|bCIP|c20080515|gCCR
801 _1 |atw|bCIP|c20080515|gCCR
801 _2 |atw|b國圖|c20090407|gCCR
|